Movies Quiz

Random Movies or Toys Quiz

Toy Story Match Quiz Stats

 Plays Quiz not verified by Sporcle

Also try: Toy Story 3 Eyes
Challenge
Share
Tweet
Embed
Score 0/36 Timer 04:00
1 Play Today
% Correct
Buzz Lightyear
87.6%
Jessie
86.7%
Rex
86.6%
Andy
86.4%
Woody
86%
Zurg
84.8%
Hamm
84.7%
Bo Peep
84.4%
Bullseye
83.2%
Mrs. Potato Head
82.5%
Sid
81.9%
Sarge
80.2%
Stinky Pete
79.8%
Lotso
79.8%
RC
79.7%
Mr. Potato Head
79.5%
Slinky Dog
79.3%
Wheezy
77.4%
% Correct
Chuckles
72.6%
Buster
71%
Mr. Pricklepants
68.8%
Aliens
65.6%
Al
64.1%
Dolly
63.1%
Trixie
61.9%
Molly
61.9%
Hannah
61.1%
Scud
60.3%
Bonnie
57.2%
Stretch
55.6%
Buttercup
53.6%
Lenny
49.8%
Chunk
48.7%
Bookworm
40.8%
Geri
38.1%
Twitch
32.8%

You're not logged in!

Compare scores with friends on all Sporcle quizzes.
Join for Free
OR
Log In

You Might Also Like...

Show Comments

Extras

Top Quizzes Today


Score Distribution

Your Account Isn't Verified!

In order to create a playlist on Sporcle, you need to verify the email address you used during registration. Go to your Sporcle Settings to finish the process.

Report this User

Report this user for behavior that violates our Community Guidelines.

Details: